000 00723nam a2200277Ia 4500
001 8583
005 20240113234121.0
007 ta
008 050720s1980 a g b000 u eng u
020 _a0-07-020112-9
040 _aCotton College,Assam
041 _aeng
082 _a370.15
_bFa 28 Ch
100 _aFaw , Terry.
245 0 _aChild Psychology /
_cTerry Faw & Gary S.Belkin.
_hTextual Documents
250 _a1st ed /
260 _aNew York :
_bMcGraw - Hill, Inc ,
_c1980.
300 _avii,490p. :
_bill. ;
_c21cm. .
504 _aIndesx
653 _aEducation
653 _aChild Psychology
700 _aBelkin, Gary S.
942 _2ddc
_cBK
999 _c8570
_d8570